| 000 | 00811nam0a22002531 4500 | ||
|---|---|---|---|
| 001 | RU\NLR\INFOCOMM_161\5000028990 | ||
| 005 | 20260406112547.0 | ||
| 035 | _a(NLR Aleph) 009067680 | ||
| 090 |
_a7903138 _c7903138 |
||
| 100 | _a20081020d1933 |||y0rusy50 ca | ||
| 101 | 0 | _aeng | |
| 102 | _aRU | ||
| 105 | _aa z 000zy | ||
| 200 | 1 |
_aThe palace and park of Arkhangelskoe _e[guide-book] |
|
| 210 |
_aMoscow _cVneshtorgisdat _d1933 |
||
| 215 |
_a20, [2] с.; 1 с. объявл. _cил. _d10×14 см |
||
| 607 |
_aАрхангельское, музей-усадьба _2nlr_sh1 |
||
| 710 | 0 | 2 |
_4070 _8ger _a"Archangelskoje", Museum _cOblast Moskau _7ba _3RU\NLR\AUTH\888412 _9289244 |
| 801 | 1 |
_aRU _bNLR _c20081020 |
|
| 801 | 0 |
_aRU _bNLR _gPSBO |
|
| 852 |
_aNLR _jD8/470 |
||
| 942 | _cBOOK | ||
| 980 | _aNB | ||